00770nam a2200241 i 4500001000300000100002700003245006300030260006400093300002900157504002400186650002900210655001400239020001500253040000800268041000700276080001500283920001800298942000700316008004100323999001700364856009800381952004900479bg1 aZABŁOCKA, Stanisława10aJak wycenić przedsiębiorstwo /cStanisława Zabłocka. aGdańsk :bOśrodek Doradztwa i Doskonalenia Kadr,c1998. a88 s. :bwykr. ;c24 cm. aBibliogr. s. 81-88. 9aPrzedsiębiorstwoxceny aPoradniki a8371870701 cBPK0 apl a658.14/.17 a83-71870-70-1 cKS s pl f |000 0 pol  c35831d35831 uhttp://koha.tu.koszalin.pl/cgi-bin/koha/opac-detail.pl?biblionumber=35831yKatalog online BPK 00104070aBPKbBPKcwo48803p01415216yKS